• 首页
  • 本馆介绍
  • 公告通知
  • 最新文献
  • 馆藏检索
  • 电子资源
  • 读者导购
  • 参考咨询
  • 我的图书馆
  • 登录
  • 详细信息显示
  • 放入我的书架
  • 预约/预借图书
  • 作者相关作品
  • 分类相关作品
  • 丛书相关作品
  • 出版社相关作品

书目信息

  • 表格格式
  • 工作单格式
  • 卡片格式
题名:
科学哲学通论
    
 
作者: 刘大椿 主编
分册:  
出版信息: 北京   中国人民大学出版社  1998
页数: 382页
开本: 20cm
丛书名:
单 册:
中图分类: N02
科图分类:
主题词: 自然科学--哲学理论 , 科学哲学
电子资源:
ISBN: 7-300-02644-3
000 00626nam0 2200217 45
001 0310270168
005 20031219104121.0
010    @a7-300-02644-3@dCNY16.00
100    @a20031027d1998 km y0chiy0120 ea
101 0  @achi
105    @a z 000yy
200 1  @a科学哲学通论@AKe Xue Zhe Xue Tong Lun@f刘大椿主编@FLiu Da Chun Zhu Bian
210    @a北京@c中国人民大学出版社@d1998
215    @a382页@d20cm
300    @a中国人民大学硕士研究生系列教材
606 0  @a自然科学@x哲学理论
606 0  @a科学哲学
690    @aN02@v4
701  0 @a刘大椿@4主编
801    @aCN@bTSTC@c20031027
905    @a213230@b327658-661@dN02@e109@f4
    
    科学哲学通论/刘大椿主编.-北京:中国人民大学出版社,1998
    382页;20cm
    中国人民大学硕士研究生系列教材
    
    ISBN 7-300-02644-3:CNY16.00
    
●
相关链接 在E读中查询图书 在五车中查询图书 在当当中查询图书 在豆瓣中查询图书


正题名:科学哲学通论     索取号:N02/109         预约/预借

序号 登录号 条形码 馆藏地/架位号 状态 备注
1 0327658   203276588   第三借阅区/ [索取号:N02/109] 在馆    
2 0327659   203276597   第三借阅区/ [索取号:N02/109] 在馆    
3 0327660   203276604   第三借阅区/ [索取号:N02/109] 在馆    
4 0327661   203276613   第二样本阅览室/ [索取号:N02/109] 在馆    
唐山师范学院图书馆 欢迎您!
大连网信软件有限公司© 版权所有